Tales of a fourth grade nothing / (Record no. 6548)

MARC details
000 -LEADER
fixed length control field 00985nam a22003257a 4500
001 - CONTROL NUMBER
control field 6548
003 - CONTROL NUMBER IDENTIFIER
control field FISKH
005 - DATE AND TIME OF LATEST TRANSACTION
control field 20250509090850.0
008 - FIXED-LENGTH DATA ELEMENTS--GENERAL INFORMATION
fixed length control field 250509b cb ||||| |||| 00| 0 eng d
020 ## - INTERNATIONAL STANDARD BOOK NUMBER
International Standard Book Number 9780440484745
040 ## - CATALOGING SOURCE
Original cataloging agency DLC
Transcribing agency DLC
Modifying agency DLC
Language of cataloging eng
050 ## - LIBRARY OF CONGRESS CALL NUMBER
Classification number PZ7.B6265 T
082 ## - DEWEY DECIMAL CLASSIFICATION NUMBER
Classification number 813.54
100 1# - MAIN ENTRY--PERSONAL NAME
Personal name Blume, Judy.
Dates associated with a name (1938-)
245 10 - TITLE STATEMENT
Title Tales of a fourth grade nothing /
Statement of responsibility, etc. By Judy Blume ; Illustrated by Roy Doty
250 ## - EDITION STATEMENT
Edition statement This edition first published in 1991
260 ## - PUBLICATION, DISTRIBUTION, ETC.
Place of publication, distribution, etc. New York :
Name of publisher, distributor, etc. Yearling Book,
Date of publication, distribution, etc. 1972
300 ## - PHYSICAL DESCRIPTION
Extent 120 pages :
Other physical details illustrations ;
Dimensions 20 cm
350 ## - PRICE (NR) (BK AM CF MU VM SE) [OBSOLETE]
Price $4.95
505 ## - FORMATTED CONTENTS NOTE
Formatted contents note J<br/>
520 ## - SUMMARY, ETC.
Summary, etc. Peter finds his demanding two-year-old brother an ever increasing problem.
521 8# - TARGET AUDIENCE NOTE
Target audience note 470<br/>
Source Lexile<br/>
521 8# - TARGET AUDIENCE NOTE
Target audience note J<br/>
Source Raz-Plus<br/>
650 #1 - SUBJECT ADDED ENTRY--TOPICAL TERM
Topical term or geographic name entry element Brothers
General subdivision Fiction.
650 #1 - SUBJECT ADDED ENTRY--TOPICAL TERM
Topical term or geographic name entry element Family life
General subdivision Fiction.
700 1# - ADDED ENTRY--PERSONAL NAME
Personal name Doty, Roy
Relator term illustrator
906 ## - LOCAL DATA ELEMENT F, LDF (RLIN)
a 7
b cbc
c orignew
d 2
e ncip
f 19
g y-gencatlg
942 ## - ADDED ENTRY ELEMENTS (KOHA)
Source of classification or shelving scheme Dewey Decimal Classification
Koha item type Books
Suppress in OPAC No
Holdings
Withdrawn status Lost status Source of classification or shelving scheme Damaged status Not for loan Collection Home library Current library Shelving location Date acquired Total Checkouts Full call number Barcode Date last seen Copy number Price effective from Koha item type
    Dewey Decimal Classification     Juvenile Fiction Footprints International School Library Network Toul Tom Poung Campus Footprints International School Library Network Toul Tom Poung Campus TTP Primary Dark Blue Bookshelves 05/09/2025   BLU 813.54 PZ7.B6265 T 2025-1235 05/09/2025 1 05/09/2025 Books